Protectionism (رقم التسجيلة. 18913)
[ عرض عادي ]
| 000 -الفاتح | |
|---|---|
| حقل البيانات ثابتة الطول | 00571nam a22002297a 4500 |
| 003 - محدد رقم الضبط | |
| رقم الضبط | INP |
| 005 - وقت وتاريخ اخر تعامل مع التسجيلة | |
| رقم الضبط | 20260622100333.0 |
| 008 - عناصر البيانات ثابتة الطول - معلومات عامة | |
| حقل البيانات ثابتة الطول | 250922b1988 enka|||f |||| 001 0 eng d |
| 020 ## - الرقم الدولى المعيارى للكتب | |
| الرقم الدولى المعيارى للكتاب | 0262-52150-4 |
| 040 ## - مصدر الفهرسة | |
| وكالة الفهرسة الأصلية | EG-INP |
| لغة الفهرسة | eng |
| وكالة النسخ | EG-INP |
| 082 ## - رقم تصنيف ديوى العشرى | |
| رقم الطبعة | 21 |
| رقم التصنيف | 382.7 |
| 100 ## - المدخل الرئيسى - إسم شخصى | |
| الإسم الشخصى | Bagwati, Jagdish |
| 245 ## - بيان العنوان | |
| العنوان | Protectionism |
| بيان المسئولية | Jagdysh, Bagwaiti |
| 250 ## - بيان الطبعة | |
| بيان الطبعة | Fifth |
| 260 ## - بيانات النشر | |
| مكان الناشر او الموزع | London |
| اسم الناشر او الموزع | Mit press |
| تاريخ النشر أو التوزيع | 1989 |
| 300 ## - الوصف المادى | |
| التعداد | 147 p |
| تفاصيل ماديه اخرى للوعاء | paper |
| أبعاد الوعاء | 15cm |
| 650 ## - المدخل الاضافى بالموضوع-مصطلح موضوعى | |
| مصدر الرأس أو المصطلح | qmark |
| مصطلح موضوعي كعنصر مدخل | free trade |
| 9 (RLIN) | 1406 |
| 650 ## - المدخل الاضافى بالموضوع-مصطلح موضوعى | |
| مصدر الرأس أو المصطلح | qmark |
| مصطلح موضوعي كعنصر مدخل | protection |
| 9 (RLIN) | 2679 |
| 901 ## - عنصر بيانات محلىA, LDA (RLIN) | |
| كود المفهرس | INP |
| 903 ## - original or copycat | |
| a | copycat |
| حالة التراجع | المكان المؤقت | الموقع الحالى | نوع وعاء كوها |
|---|---|---|---|
| Library INP | Library INP | كتاب |
Institute of National Planning Catalog